Регионална библиотека "Любен Каравелов" - Русе

Стандартизация в библиотечната, архивната и информационната област (Запис номер 179914)

MARC детайли
000 -Лидер
Контролно поле с фиксирана дължина 02759nam a2200481 c 4500
003 - Код на организацията, давaща контролен номер
Контролно поле BLK
005 - Дата и час на последна редакция
Контролно поле 20240809123406.0
008 - Елементи от данни с фиксирана дължина
fixed length control field 180411b bul|||||r ||||||| ||bul||
010 ## - Наследен системен номер
LC control number KNG00188732000
020 ## - Международен стандартен номер на книга ISBN
Международен стандартен номер на книга ISBN 978-954-8365-87-1
-- издат.: Новата цивилизация
040 ## - Източник на каталожния запис
Идентификатор на билиотеката - собственик на записа BLK
041 ## - Код за език
Код за езика на текст/звукозапис или на отделно заглавие Български
Код за езика КДБФ Български
072 #7 - Код за тематичната категория
Код организация bullib
Код за тематична категория Н02
Текст Библиотечно дело Н
080 ## - УДК
Текстов определител УДК Библиотечно дело. Библиотекознание - Теория на библиотечното дело. Общи въпроси на библиотекознанието
УДК код - определител по УДК 02
УДК определител :006(497.2)
УДК - код + определител 02:006(497.2)
080 ## - УДК
Текстов определител УДК Архивистика. Архиви
УДК код - определител по УДК 930.25
УДК определител :006(497.2)
УДК - код + определител 930.25:006(497.2)
080 ## - УДК
Текстов определител УДК Машини и устройства за обработка на данни. Вж и 003 ; 007 ; 621.391 ; 65.011.56
УДК код - определител по УДК 681.3
УДК определител :006(497.2)
УДК - код + определител 681.3:006(497.2)
080 ## - УДК
Текстов определител УДК Стандартизация и стандарти. Подразделя се със знак за отношение
УДК код - определител по УДК 006
УДК определител :061
УДК - код + определител 006:061
100 1# - Редна дума - Автор
Автор Кръстева, Росица Добрева
Авторска отговорност първи автор
R(LIN) 341965
139 ## - Редно поле
Редна дума Кръстева, Росица Добрева
Авторски знак Кръ - К 92
245 10 - Сведения за заглавието
Заглавие Стандартизация в библиотечната, архивната и информационната област
Редно поле (дума) Росица Добрева Кръстева.
257 ## - Страна на издаване
Страна на създаване/издаване България
260 ## - Област на издателските данни
-- София
Име на издателя, разпространителя и проч. Новата цивилизация
Година на издаване 2015
Печатница София : Алианс Принт
300 ## - Физическа характеристика
Страници 167 с.
Илюстрации и др. с табл., диагр., сх.
Размери/Мащаб 21 см
380 ## - Жанр
Жанр Общ отдел
500 ## - Общи забележки
Забележка Библиогр. с. 142-149.
650 #4 - Допълнително описание по предмет – тема
Основно описание – тема или топоним Библиотечно дело - България - стандартизация и нормализация
9 (RLIN) 341967
650 #4 - Допълнително описание по предмет – тема
Основно описание – тема или топоним Архиви - България - стандартизация и нормализация
9 (RLIN) 341968
650 #4 - Допълнително описание по предмет – тема
Основно описание – тема или топоним Информационни и комуникационни технологии - България - стандартизация и нормализация
9 (RLIN) 341969
650 #4 - Допълнително описание по предмет – тема
Основно описание – тема или топоним Стандарти и нормали - учреждения и организации
9 (RLIN) 341970
651 #4 - Допълнително описание по предмет - топоним
Географско понятие България
9 (RLIN) 241624
653 ## - Ключова дума – ненормативна
Ключова дума библиотечно дело
653 ## - Ключова дума – ненормативна
Ключова дума архивно дело
653 ## - Ключова дума – ненормативна
Ключова дума информационни технологии
653 ## - Ключова дума – ненормативна
Ключова дума комуникационни технологии
653 ## - Ключова дума – ненормативна
Ключова дума стандартизация
659 ## - Тематичен бюлетин
Тематичен бюлетин Н
852 ## - Местоположение
Форматна сигнатура Цб 281202
856 4# - Електронен адрес и достъп
Електронен формат pdf - файл
Път до файла /url/
856 4# - Електронен адрес и достъп
Електронен формат pdf - файл
Път до файла /url/
942 ## - АРТИКУЛИ
Вид на библиотечния материал Книги
Скрит в OPAC Не
Koha issues (borrowed), all copies 1
944 ## - СЪЗДАВАНЕ И РЕДАКЦИЯ на ЗАПИСА
Създаване/Редакция Създаване
Дата на регистрацията/редакция 27.06.2016
Статус, дата на статуса Теодора Пейчева-Дянкова
Служител, извършил регистрацията/редакцията 30556
944 ## - СЪЗДАВАНЕ И РЕДАКЦИЯ на ЗАПИСА
Създаване/Редакция Редакция
Дата на регистрацията/редакция 05.05.2017
Статус, дата на статуса ф /
Служител, извършил регистрацията/редакцията Людмила_Стоянова
999 ## - СИСТЕМНИ КОНТРОЛНИ НОМЕРА
Koha biblionumber 179914
Koha biblioitemnumber 179914
Наличности
Код за отписване Код за изгубен артикул Код за повреда Коз за рестрикции Код за отдаване Артикулен № Име на библиотеката - собственик Име на библиотеката, в която се намира в момента Статус (Текущо местоположение) Дата на вписване в системата Местоположение - отдел Цена в лева Инвентарен номер Систематично азбучна сигнатура Баркод Номер на екземпляра Цена в евро Служебна бележка Служебен тип на артикула Източник на класификационната схема
  Не е изгубен Не е повреден без рестрикции ползва се в читалня 308521 Регионална библиотека "Любен Каравелов" Русе Регионална библиотека "Любен Каравелов" Русе Хранилище 2016-06-27 Хранилище 10.00 120000801572 Цб 281202 120000801572 1 5.11 Дост: Dp Вид: Д N: 21 Дата: 21.04.2016 Книги  
  Не е изгубен Не е повреден само за читалня ползва се в читалня 308522 Регионална библиотека "Любен Каравелов" Русе Регионална библиотека "Любен Каравелов" Русе СБИД 2017-04-22 СБИД 12.00 120000810158 С 02/К 92 120000810158 2 6.14 Дост: Pk Вид: Ф N: 487 Дата: 13.04.2017 Дата инв: 12.06.2017 Бележки инв: С2017 Книги Universal Decimal Classification
Vip Innovations Ltd, Rousse, Bulgaria 2025